000 004620000a22001810004500
003 MACL
005 20150819161741.0
008 150819b xxu||||| |||| 00| 0 eng d
040 _aMACL
_cMACL
041 _aEnglish
082 _a616/WAS
100 _aWasir, H.S.
_96318
245 _aHeart To Heart
_bA Holistic Aproach to HeartCare
260 _bVikas Publishing House
_c1990
_aDelhi
350 _a150
650 _aMedical Science
_985
942 _cBK
_k616
_2ddc
999 _c5355
_d5355